| 000 | 00347nam a22001337a 4500 | ||
|---|---|---|---|
| 999 |
_c12317 _d12317 |
||
| 020 | _a9789332565029 | ||
| 082 | _a658 | ||
| 100 | _aSamuel C. Certo, S. Trevis Certo | ||
| 245 |
_aModern Management _bConcepts and Skills _cSamuel C. Certo, S. Trevis Certo |
||
| 250 | _a14th | ||
| 260 |
_aIndia _bPearson _c2015 |
||
| 300 | _a576 pages. | ||
| 942 | _cBK | ||